Uma breve história do Sistema de Observação das Contas Públicas (MIRANTE) : (Record no. 1226)

MARC details
000 -LÍDER
Campo Fixo de Controle 00959nam a2200253 a 4500
001 - NÚMERO DE CONTROLE
Campo de Controle 1226
003 - IDENTIFICAÇÃO DO NÚMERO DE CONTROLE
Campo de Controle BR-CuiBMT
005 - DATA E HORA DA ÚLTIMA ATUALIZAÇÃO
Campo de Controle 20231204233938.0
008 - DADOS FIXOS
Dados Fixos 231201s2021 baba 000 0 por d
020 ## - INTERNATIONAL STANDARD BOOK NUMBER
Nº do ISBN 9786599280818
040 ## - AGÊNCIA CATALOGADORA
Código da Agência Catalogadora BR-CuiBMT
Agência que transcreveu o registro BR-CuiBMT
080 ## - Nº DA CLASSIFICAÇÃO DECIMAL UNIVERSAL
Nº edição CDU 2007
Nº Class. CDU 35.078.3
090 ## - NÚMERO DE CHAMADA
Nº classificação 35.078.3
Cutter S725u
100 1# - ENTRADA PRINCIPAL -- AUTOR PESSOAL
Nome pessoal Sousa, Augusto Gonçalves de
245 14 - TÍTULO PRINCIPAL
Título principal Uma breve história do Sistema de Observação das Contas Públicas (MIRANTE) :
Subtítulo a história do sistema de inteligência no planejamento assertivo e na execução de auditórias no Tribunal de Contas do Estado da Bahia /
Indicação de responsabilidade Augusto Gonçalves de Sousa.
260 ## - PUBLICAÇÃO, DISTRIBUIÇÃO, ETC.
Local de publicação Salvador :
Editora TCE-BA,
Data 2021.
300 ## - DESCRIÇÃO FÍSICA
N. páginas ou volumes 95 p. :
Ilustrações il. ;
Dimensões 22 cm
490 1# - INDICAÇÃO DE SÉRIE
Título da série Coleção memória viva ;
Volume/designação sequencial da série v. 2
610 1# - ASSUNTO -- ENTIDADE
Nome da Entidade ou lugar Tribunal de Contas do Estado da Bahia
Subdivisão geográfica Bahia
650 ## - ASSUNTO TÓPICO
Cabeçalho tópico ou nome geográfico Controle externo
Subdivisão geral História
Subdivisão geográfica Bahia
650 ## - ASSUNTO TÓPICO
Cabeçalho tópico ou nome geográfico Tecnologia da Informação
830 #0 - ENTRADA SECUNDÁRIA DE SÉRIE -- TÍTULO UNIFORME
Título uniforme Memória viva ;
Nº do volume/designação sequencial da série 2
942 ## - ELEMENTOS DE ENTRADA ADICIONAIS (KOHA)
Fonte de classificação ou esquema de arquivamento Classificação Decimal Universal
Tipo de item do Koha Livros
Holdings
Estado: removido Estado: perdido Fonte de classificação ou esquema de arquivamento Estado: danificado Indisponível para empréstimo Localização permanente Localização atual Data de aquisição Total Checkouts Número de Chamada completo Código de barras Date last seen Número do exemplar Preço efetivo a partir de Tipo de item (Koha)
    Classificação Decimal Universal     Biblioteca da Escola Superior de Contas do TCE/MT Biblioteca da Escola Superior de Contas do TCE/MT 01/12/2023   35.078.3 S725u BIBTCEMT23120028 01/12/2023 Ex. 1 01/12/2023 Livros

Powered by Koha